000 00640nam a2200193Ia 4500
001 23800
003 GE_BSU
008 181216s||||||||xx |||||||||||||| ||und||
040 _cGE_BSU
245 _aПравоведение Политология. Библиогафич. указатель. #8. 2018
245 _cОтв. ред. С. О. Шевцова
260 _aмосква
260 _c2018г
300 _a62с;29см;
653 _aПериодика
653 _aПравоведение Политология. Библиогафич. указатель. #8. 2018
653 _aპერიოდიკა
942 _cCR
999 _c56678
_d56678